Score 0/18 Timer 03:00
0 Plays Today
Hint Answer % Correct
Ellen
97.5%
Explorer
95.6%
Everybody
93%
Earl
92%
Engagement
90%
Enthusiasm
89.7%
Enough
84.4%
Empire
81.7%
Extreme
80.4%
Hint Answer % Correct
Eddy
70.7%
Exposure
69.5%
Explains
67.8%
Elsewhere
66.8%
Enterprise
65.7%
Electric
56.8%
Endings
46.9%
Eastbound
39.6%
Earthworm
35.4%
Remove Ads.
Support Sporcle.
Get the best of Sporcle when you Go Orange. This ad-free experience offers more features, more stats, and more fun while also helping to support Sporcle. Thank you for becoming a member.

You're not logged in!

Compare scores with friends on all Sporcle quizzes.
OR
Log In

Show Comments

Extras

Top Quizzes Today


Score Distribution

Your Account Isn't Verified!

In order to create a playlist on Sporcle, you need to verify the email address you used during registration. Go to your Sporcle Settings to finish the process.

Report this User

Report this user for behavior that violates our Community Guidelines.

Details: